Central Library OPAC University of Rajshahi

The philosophy of science : (Record no. 7150)

MARC details
000 -LEADER
fixed length control field 00832nam a2200289I 4500
001 - CONTROL NUMBER
control field 7150
003 - CONTROL NUMBER IDENTIFIER
rucl marc code BDjRUL
005 - DATE AND TIME OF LATEST TRANSACTION
control field 20211208234355.0
008 - FIXED-LENGTH DATA ELEMENTS--GENERAL INFORMATION
fixed length control field r19601953nyu 001 0 eng d
035 ## - SYSTEM CONTROL NUMBER
System control number (BDjRUL)7192
System control number (OCoLC)00522298
System control number GLIS00160804
040 ## - CATALOGING SOURCE
Transcribing agency WSU
Modifying agency m.c.
-- MYG
Original cataloging agency BD-RjUL
Language of cataloging eng
041 ## - LANGUAGE CODE
Language code of text/sound track or separate title eng
082 ## - DEWEY DECIMAL CLASSIFICATION NUMBER
Classification number 501
Author mark and year TOP 1960
090 ## - LOCALLY ASSIGNED LC-TYPE CALL NUMBER (OCLC); LOCAL CALL NUMBER (OCLC)
Classification number (OCLC) (R) ; Classification number, CALL (RLIN) (NR) Q175
Local cutter number (OCLC) ; Book number/undivided call number, CALL (RLIN) .T724 1960
099 ## - LOCAL FREE-TEXT CALL NUMBER (OCLC)
Bangla Class number Q175.T724 1960
100 1# - MAIN ENTRY--PERSONAL NAME
Personal name Toulmin, Stephen,
Dates associated with a name 1922-2009.
9 (RLIN) 3792
245 14 - TITLE STATEMENT
Title The philosophy of science :
Remainder of title an introduction /
Statement of responsibility, etc. Stephen,Toulmin
260 ## - PUBLICATION, DISTRIBUTION, ETC. (IMPRINT)
Place of publication, distribution, etc. New York :
Name of publisher, distributor, etc. Harper,
Date of publication, distribution, etc. 1953 [ Impression 1960]
300 ## - PHYSICAL DESCRIPTION
Pagination 176 p.
490 1# - SERIES STATEMENT
Series statement Harper Torchbooks/ The Science library
650 #0 - SUBJECT ADDED ENTRY--TOPICAL TERM
Topical term or geographic name as entry element Science
General subdivision Philosophy.
9 (RLIN) 22372
830 #0 - SERIES ADDED ENTRY--UNIFORM TITLE
Uniform title Harper torchbooks.
942 ## - ADDED ENTRY ELEMENTS (KOHA)
Source of classification or shelving scheme Dewey Decimal Classification
Koha item type Books
Holdings
Lost status Source of classification or shelving scheme Damaged status Not for loan Collection code Permanent Location Current Location Shelving location Date acquired Source of acquisition Cost, normal purchase price Total Checkouts Full call number Date last seen Copy number Koha item type
  Dewey Decimal Classification   Not For Loan Non-fiction Central Library, University of Rajshahi Central Library, University of Rajshahi   13/02/1963 Zeitlinger 12.60   501 TOP 1960 13/01/2014 C-1 Books